Временное разрешение вакуумной камеры деления; Приборы и техника эксперимента; № 6

Dettagli Bibliografici
Parent link:Приборы и техника эксперимента/ Российская академия наук.— , 1956-.— 0032-8162
№ 6.— 2003.— с. 23-28
Autore principale: Чукляев С. В.
Altri autori: Пепёлышев Ю. Н.
Lingua:russo
Pubblicazione: 2003
Serie:Техника ядерного эксперимента
Soggetti:
Natura: MixedMaterials Capitolo di libro
KOHA link:https://koha.lib.tpu.ru/cgi-bin/koha/opac-detail.pl?biblionumber=427211

MARC

LEADER 00000naa2a2200000 4500
001 427211
005 20231101074628.0
035 |a (RuTPU)RU\TPU\prd\86335 
035 |a RU\TPU\prd\22066 
090 |a 427211 
100 |a 20100906a2003 k y0rusy50 ca 
101 0 |a rus 
102 |a RU 
200 1 |a Временное разрешение вакуумной камеры деления  |f С. В. Чукляев, Ю. Н. Пепёлышев 
225 1 |a Техника ядерного эксперимента 
320 |a Библиогр.: 8 назв. 
461 1 |0 (RuTPU)RU\TPU\prd\300  |x 0032-8162  |t Приборы и техника эксперимента  |f Российская академия наук  |d 1956- 
463 1 |0 (RuTPU)RU\TPU\prd\86332  |t № 6  |v с. 23-28  |d 2003 
610 1 |a вакуумные камеры 
610 1 |a камеры деления 
610 1 |a импульсное излучение 
610 1 |a измерения плотности 
610 1 |a нейтроны 
610 1 |a электрические напряжения 
610 1 |a вакуумная камера деления 
610 1 |a излучения нейтронов 
675 |a 539.1.074.8(088.8)  |v 3 
700 1 |a Чукляев  |b С. В. 
701 1 |a Пепёлышев  |b Ю. Н. 
801 1 |a RU  |b 63413507  |c 20040130  |g PSBO 
801 2 |a RU  |b 63413507  |c 20100906  |g RCR 
942 |c BK